000 00597cam a22002053a 4500
001 42894
003 PGUSA
005 20140828083955.0
008 130608s2013||||xxu|||||s|||||000 | eng d
040 _aPGUSA
_beng
042 _adc
100 1 _aReed, Myrtle,
_d1874-1911
245 1 4 _aThe Shadow of Victory :
_bA Romance of Fort Dearborn
_h[electronic resource] /
_cMyrtle Reed
260 _bProject Gutenberg,
_c2013
506 _aPublic domain in the USA.
516 _aElectronic text
830 0 _aProject Gutenberg
_v42894
856 4 0 _uhttp://www.gutenberg.org/ebooks/42894
942 _cEB
999 _c272146
_d272146